|
|
|
|
| LEADER |
00000cam a2200000 a 4500 |
| 001 |
vtls001090550 |
| 003 |
SK-MaSNL |
| 005 |
20260301233100.0 |
| 008 |
240226s1982 xo a gr 010 p slo |
| 015 |
|
|
|a SNBA1982
|
| 020 |
|
|
|q (viazané)
|
| 035 |
|
|
|a SNK000033392
|
| 035 |
|
|
|a 4629AB76-081E-4DB0-92FA-9E4F45FB1793
|
| 035 |
|
|
|a urn:nbn:sk:snk-am00ifv3
|
| 040 |
|
|
|a SNK
|b slo
|c SNK
|e AACR2
|
| 041 |
0 |
|
|a slo
|
| 044 |
|
|
|a xo
|c SK
|
| 072 |
|
7 |
|a 821.162.4-1
|x Slovenská poézia
|2 konspekt
|
| 080 |
|
|
|a 821.162.4-1
|2 2011
|
| 080 |
|
|
|a (0:82-146.2)
|2 2011
|
| 100 |
1 |
|
|a Sládkovič, Andrej,
|d 1820-1872
|4 aut
|9 17115
|
| 245 |
1 |
0 |
|a Marína
|c Andrej Sládkovič ; [ilustroval Dušan Grečner]
|
| 250 |
|
|
|a 1. vyd.
|
| 260 |
|
|
|a Bratislava
|b Tatran
|c 1982
|
| 300 |
|
|
|a 147 strán, [7] nečíslovaných strán obrazových príloh
|b farebné ilustrácie
|c 24 cm
|
| 366 |
|
|
|e 12500 kusov
|
| 490 |
1 |
|
|a Hviezdoslavova knižnica
|v zv. 275
|
| 500 |
|
|
|a Ilustrácie na frontispice
|
| 655 |
|
7 |
|a slovenská poézia
|2 SNKPH
|9 70444
|
| 655 |
|
7 |
|a ľúbostná poézia
|2 SNKPH
|9 70633
|
| 700 |
1 |
|
|a Grečner, Dušan,
|d 1944-2015
|4 ill
|9 162271
|
| 830 |
|
0 |
|a Hviezdoslavova knižnica
|9 277055
|
| 852 |
|
|
|a Slovenská národná knižnica
|
| 954 |
|
|
|a beletria pôvodná (slovenská)
|2 lita
|
| 958 |
|
|
|a RK
|
| 958 |
|
|
|a TL
|
| 958 |
|
|
|a LX
|
| 999 |
|
|
|c 964391
|d 966321
|
| 952 |
|
|
|t P60, <05>, [BOOK], {605}
|a SNK
|b SNK
|y PREZ
|7 0
|p 17A0015442
|o snkSC 57412 D1
|0 0
|1 0
|4 0
|d 1996-10-23
|l 0
|r 2004-12-31 00:00:00
|w 2026-02-24
|
| 952 |
|
|
|a SNK
|b SNK
|y PREZ
|7 0
|p 17A0894938
|o snkSC 57412
|i snkKSP 644/83
|0 0
|1 0
|4 0
|d 2012-08-15
|f 1
|l 0
|r 2025-06-02 00:00:00
|w 2026-02-24
|